01165 2200397 4500001002100000005001500021035002000036007000300056008004100059020002200100082001500122084001700137100003800154245009900192250002600291300003800317650002100355700002200376504002900398264004400427336002100471337003000492338002300522040002200545090002000567850001200587041000800599990002000607990002000627990002000647990002000667990002000687990002000707990002000727990002000747INLIS00000000085047320190819025930 a0010-0819000375ta190819s2018 jiia gr | ind d a978-602-5702-08-204223a745.54 a745.54 NIN k0 aNinggar Saputrid1988-ePengarang1 aKeterampilan dari bubur kertas :bide unik usaha kreatif /cNinggar Saputri; penyunting, Tanti aCetakan pertama, 2018 a112 halaman :bilustrasi ;c24 cm 4aKerajinan kertas0 aTantiePenyunting aBibliografi: halaman 111 aMalang :bLembaga Kajian Profesi,c2018 2rdacontentateks 2rdamediaatanpa perantara 2rdacarrieravolume aYOPDYOGbinderda aPK 745.54 NIN k aYOPDYOG0 aind a39836-PD/B.2019 a39837-PD/B.2019 a39838-PD/B.2019 a39840-PD/B.2019 a39839-PD/B.2019 a39836-PD/B.2019 a39837-PD/B.2019 a39838-PD/B.2019